000 00762nam a2200217 4500
001 175021
003 ES-MaACL
005 20230906215726.0
008 100930s2009 sp | |||||||| | spa d
020 _a978-84-87874-50-5
080 _a821.134.2-23"19"
100 1 _aZapata, Pilar.
_9117991
245 1 0 _aComo tú me quieras
_b: (drama en cinco cuadros) /
_cPilar Zapata.
260 _a[Guadalajara] :
_bServicio de Publicaciones, Patronato de Cultura :
_b[ 2009]
300 _a82 p. ;
_c21 cm.
490 1 _aColección "Premio Buero Vallejo" ;
_v21
586 8 _aXXIV Premio de Teatro Buero Vallejo, Ciudad de Guadalajara, 2008
830 0 _aColección "Premio Buero Vallejo" ;
_v21
_9223837
852 _aES-MaACL
_j2257-F-12
999 _c175021
_d175021